000 00724nam a22001697a 4500
005 20260701153800.0
020 _a9781009305600
082 _a320.954PAR
100 _a Parasher, Tejas,
245 _aRadical democracy in modern Indian political thought
260 _aNew York
_bCambridge University Press
_c2025
300 _a262p.
504 _aIncludes index
520 _aDrawing on figures ranging from Gandhi to the leaders of the Indian socialist movement, Radical Democracy in Modern Indian Political Thought explores the diversity of political futures imagined at the end of the British Empire and reinterprets the history of representative democracy in South Asia"
650 _aDemocracy--India
942 _cBK
999 _c11542
_d11542